000 00531nam a2200169Ia 4500
005 20260224134204.0
022 _a1596-9231
050 _aHQ 1815.5 .G46/
245 0 _aGender & behaviour.
260 _aIle-Ife, Osun State, Nigeria
260 _bThe Ife Centre for Psychological Studies
260 _c2023
300 _avii, 11218 p. :ill. ; 24 cm.
490 _aVol. 21, No. 2
650 _aWomen--Nigeria--Periodicals. Women--Africa--Periodicals. Sex discrimination against women--Africa--Periodicals.
942 _cSR
_2lcc
999 _c44084
_d44084